000 00777nam a2200253Ia 4500
003 OSt
005 20220918165534.0
006 a|||||r|||| 00| 0
007 ta
008 220917b |||||||| |||| 00| 0 eng d
020 _a8124605564 (hbk)
_c1400
024 _a260,821
037 _b177, 17/02/2012, Om Book Distributors
_cTextual
040 _aARTS
_cARTS
_beng
041 _2eng
_aeng
082 _aVv2.J, Q1
100 _aG.P. Singh
_924651
245 0 _aEvolution of historiographical tradition in ancient and medieval India
260 _aNew Delhi
_bD.K. Printworld India
_c2011
300 _axvii, 574p.
_ccm.
650 _aHISTORY
942 _hVv2.J, Q1
_cTEXL
_2CC
999 _c130259
_d130259